000 00808nam a2200253 4500
001 46283
010 _a9789722043632
021 _b317181/10
090 _a46283
100 _a20110926d2010 m y0pory5003 ba
101 1 _apor
102 _aPT
200 1 _aAscensão e queda do comunismo
_fArchie Brown
_grev. Marta C.
205 _a1.ª ed.
210 9 _aAlfragide
_cPublicações Dom Quixote,
_d2010
215 _a771 p., [16] p. il.
_cil.
_d24 cm
304 _aTít. orig.: The rise and fall of communism
675 _a321.7(100)"18/19"(091)
_vBN
_zpor
675 _a329.1(100)"18/19"(091)
_vBN
_zpor
700 1 _aBrown,
_bArchie,
_f1938-
702 1 _aC.,
_bMarta
_4675
801 0 _aPT
_bBN
_gRPC
856 4 1 _uhttp://rnod.bnportugal.gov.pt/ImagesBN/winlibimg.aspx?skey=&doc=1789993&img=1496&save=true
990 _cLIVROS